[Event "Piura op 7th"]
[Site "Piura"]
[Date "2013.09.20"]
[Round "1"]
[White "Robbiano Taboada, Carlos Alberto"]
[Black "Rios Clavijo, Cristian"]
[Result "1-0"]
[WhiteElo "2155"]
[BlackElo "1646"]
[PlyCount "43"]
[EventDate "2013.09.20"]
[EventType "swiss"]
[EventRounds "7"]
[EventCountry "PER"]
[SourceTitle "CBM 156 Extra"]
[Source "ChessBase"]
[SourceDate "2013.10.22"]
[SourceVersion "1"]
[SourceVersionDate "2013.10.22"]
[SourceQuality "1"]

1. e4 c5 2. b3 Nc6 3. Bb2 d6 4. g3 Nf6 5. Bg2 Bg4 6. f3 Be6 7. f4 Bg4 8. Ne2 e5 9. h3 Bxe2 10. Qxe2 Be7 11. 0-0 0-0 12. d3 Rc8 13. Nd2 b5 14. c4 a6 15. Kh2 Nd7 16. Nf3 f5 17. exf5 exf4 18. gxf4 Kh8 19. d4 Nxd4 20. Nxd4 cxd4 21. Bxd4 bxc4 22. bxc4 1-0

[Event "Cajamarca Reg Norte op"]
[Site "Cajamarca"]
[Date "2012.04.07"]
[Round "5"]
[White "Fernandez Bances, Dennis"]
[Black "Robbiano Taboada, Carlos Alberto"]
[Result "0-1"]
[WhiteElo "1751"]
[BlackElo "2235"]
[PlyCount "98"]
[EventDate "2012.04.05"]
[EventType "swiss"]
[EventRounds "6"]
[EventCountry "PER"]
[SourceTitle "EXT 2013"]
[Source "ChessBase"]
[SourceDate "2012.11.22"]
[SourceVersion "1"]
[SourceVersionDate "2012.11.22"]
[SourceQuality "1"]

1. d4 d6 2. c4 g6 3. Nc3 Bg7 4. e4 Nc6 5. d5 Nd4 6. Be3 c5 7. dxc6 Nxc6 8. Be2 Bxc3+ 9. bxc3 Nf6 10. Qc2 Qa5 11. f3 Be6 12. Rb1 Qc7 13. Bd4 Ne5 14. Bxe5 dxe5 15. Qa4+ Nd7 16. Qb4 b6 17. h4 h6 18. h5 g5 19. Nh3 Rc8 20. Nf2 Bxc4 21. Bxc4 Qxc4 22. Qxc4 Rxc4 23. Kd2 e6 24. Rb4 Rc6 25. Rd1 Ke7 26. Rb2 Rhc8 27. Rc2 f5 28. g4 fxe4 29. Nxe4 Nc5 30. Nxc5 Rxc5 31. Re1 b5 32. Rb1 a6 33. Kd3 Rc4 34. Rb4 R4c5 35. a4 Rf8 36. axb5 axb5 37. Ke2 Rfc8 38. Kd3 Rd8+ 39. Ke2 Rdc8 40. Kd3 Kf6 41. Rb3 Rd5+ 42. Ke2 Rc4 43. Rcb2 e4 44. fxe4 Rxe4+ 45. Kf3 Rf4+ 46. Ke3 Rxg4 47. Rxb5 Rg3+ 48. Kf2 Rxb5 49. Rxb5 Rxc3 0-1

[Event "Cajamarca Reg Norte op"]
[Site "Cajamarca"]
[Date "2012.04.06"]
[Round "4"]
[White "Robbiano Taboada, Carlos Alberto"]
[Black "Robledo, Manuel"]
[Result "1/2-1/2"]
[WhiteElo "2235"]
[BlackElo "2241"]
[PlyCount "70"]
[EventDate "2012.04.05"]
[EventType "swiss"]
[EventRounds "6"]
[EventCountry "PER"]
[SourceTitle "EXT 2013"]
[Source "ChessBase"]
[SourceDate "2012.11.22"]
[SourceVersion "1"]
[SourceVersionDate "2012.11.22"]
[SourceQuality "1"]

1. e4 c5 2. Nf3 d6 3. Bb5+ Bd7 4. Bxd7+ Qxd7 5. 0-0 Nf6 6. e5 dxe5 7. Nxe5 Qc7 8. d4 cxd4 9. Bf4 Qc5 10. Nd2 Nc6 11. Nb3 Qd5 12. Nxc6 Qxc6 13. Nxd4 Qd7 14. c4 a6 15. Nf3 e6 16. Qb3 Bc5 17. Rad1 Qc8 18. Qa4+ Qc6 19. Qxc6+ bxc6 20. Bd6 Bb6 21. Ne5 Ne4 22. Ba3 f6 23. Nd3 0-0-0 24. c5 Bc7 25. Rfe1 Rd4 26. f3 Rhd8 27. Rxe4 Rxd3 28. Rxd3 Rxd3 29. Rxe6 Rd1+ 30. Kf2 Kd7 31. Re4 Rd2+ 32. Kf1 Rd1+ 33. Kf2 Rd2+ 34. Kf1 Rd1+ 35. Kf2 Rd2+ 1/2-1/2

[Event "Cajamarca Reg Norte op"]
[Site "Cajamarca"]
[Date "2012.04.05"]
[Round "1"]
[White "Solis Chimoy, Blanca de Lourdes"]
[Black "Robbiano Taboada, Carlos Alberto"]
[Result "0-1"]
[WhiteElo "1501"]
[BlackElo "2235"]
[PlyCount "92"]
[EventDate "2012.04.05"]
[EventType "swiss"]
[EventRounds "6"]
[EventCountry "PER"]
[SourceTitle "EXT 2013"]
[Source "ChessBase"]
[SourceDate "2012.11.22"]
[SourceVersion "1"]
[SourceVersionDate "2012.11.22"]
[SourceQuality "1"]

1. d4 Nf6 2. Bg5 c5 3. Bxf6 gxf6 4. d5 Qb6 5. b3 f5 6. Nd2 Bg7 7. Rc1 Bb2 8. Rb1 Bc3 9. e3 Na6 10. a3 Qa5 11. Bxa6 Qxa6 12. b4 Qxa3 13. Rb3 Bxd2+ 14. Kxd2 Qa4 15. bxc5 Qc4 16. Qf3 Qxc5 17. Qxf5 d6 18. Qd3 Qa5+ 19. Ke2 b6 20. Kf3 Bb7 21. e4 f5 22. Qb5+ Qxb5 23. Rxb5 Rc8 24. exf5 0-0 25. Kg4 Rc4+ 26. Kg5 Kg7 27. g4 Bc8 28. f4 h6+ 29. Kh5 Bxf5 30. Nh3 Bxc2 31. Re1 Re4 32. Rg1 Re2 33. g5 Rxh2 34. gxh6+ Kh8 35. Kh4 Bf5 36. Rb3 Rf6 37. Rbg3 Rxh3+ 38. Rxh3 Bxh3 39. Kxh3 Rxh6+ 40. Kg2 Rg6+ 41. Kf2 Rxg1 42. Kxg1 a5 43. Kf2 a4 44. Ke3 a3 45. Ke4 a2 46. Kf5 a1Q 0-1

[Event "PER-ch"]
[Site "Lima"]
[Date "2004.03.07"]
[Round "3.2"]
[White "Robbiano Taboada, Carlos Alberto"]
[Black "Ledesma, Otoniel"]
[Result "1/2-1/2"]
[WhiteElo "2262"]
[BlackElo "2206"]
[PlyCount "107"]
[EventDate "2004.03.05"]
[EventType "k.o."]
[EventRounds "8"]
[EventCountry "PER"]
[SourceTitle "CBM 099 Extra"]
[Source "ChessBase"]
[SourceDate "2004.05.04"]
[SourceVersion "1"]
[SourceVersionDate "2004.05.04"]
[SourceQuality "1"]

1. e4 c5 2. b3 Nc6 3. Bb2 d6 4. f4 Nf6 5. Nc3 a6 6. a4 e5 7. fxe5 dxe5 8. Nf3 Bg4 9. Be2 Bd6 10. 0-0 0-0 11. d3 Bxf3 12. Bxf3 Nd4 13. Bc1 Be7 14. Be3 Rc8 15. Ne2 Rc6 16. Ng3 g6 17. Kh1 Ne8 18. Bg4 Ng7 19. c3 Nde6 20. Bxe6 Nxe6 21. Bh6 Re8 22. Qf3 f6 23. Rad1 Rd6 24. Qe2 Qd7 25. Rd2 Rd8 26. Qg4 Ng7 27. Qxd7 R6xd7 28. Rfd1 Ne6 29. Be3 b5 30. axb5 axb5 31. Kg1 Ra8 32. Kf2 Ra3 33. Rb1 h5 34. Ne2 f5 35. g3 Bg5 36. h4 Bf6 37. b4 fxe4 38. dxe4 Rxd2 39. Bxd2 c4 40. Be3 Ra8 41. Rd1 Rd8 42. Ra1 Rb8 43. Ra7 g5 44. hxg5 Nxg5 45. Bxg5 Bxg5 46. Ng1 Bd2 47. Ra3 Bc1 48. Ra2 Rd8 49. Nf3 Rd3 50. Rc2 Bh6 51. Ke2 Re3+ 52. Kf2 Rxe4 53. Re2 Rxe2+ 54. Kxe2 1/2-1/2

[Event "PER-ch"]
[Site "Lima"]
[Date "2004.03.06"]
[Round "2.2"]
[White "Robbiano Taboada, Carlos Alberto"]
[Black "Celis Sanchez, Carlos"]
[Result "1-0"]
[WhiteElo "2262"]
[BlackElo "2330"]
[PlyCount "91"]
[EventDate "2004.03.05"]
[EventType "k.o."]
[EventRounds "8"]
[EventCountry "PER"]
[SourceTitle "CBM 099 Extra"]
[Source "ChessBase"]
[SourceDate "2004.05.04"]
[SourceVersion "1"]
[SourceVersionDate "2004.05.04"]
[SourceQuality "1"]

1. e4 e6 2. d4 d5 3. e5 c5 4. c3 Qb6 5. Nf3 Bd7 6. a3 Bb5 7. Bxb5+ Qxb5 8. Qe2 Qxe2+ 9. Kxe2 Nc6 10. b4 cxd4 11. cxd4 Nge7 12. Bb2 f6 13. Nbd2 Nc8 14. b5 Nd8 15. Rhc1 Kd7 16. Rc2 Nb6 17. Rac1 Rc8 18. Rxc8 Nxc8 19. a4 Bb4 20. Bc3 Bxc3 21. Rxc3 b6 22. Ne1 fxe5 23. dxe5 Nf7 24. Nd3 Ne7 25. f4 g5 26. Nf3 gxf4 27. Nxf4 Rc8 28. Rxc8 Nxc8 29. g4 Ne7 30. Ke3 h6 31. h4 Nd8 32. Nd4 Nf7 33. Nd3 Ng6 34. Nf3 Nd8 35. h5 Ne7 36. Nd4 Nb7 37. Nb3 Nd8 38. Kf4 Ke8 39. Nd4 Kf7 40. g5 hxg5+ 41. Kxg5 Kg7 42. h6+ Kh7 43. Nf4 Ng8 44. Nc6 Nb7 45. Kh5 Nxh6 46. Nxe6 1-0

[Event "PER-ch"]
[Site "Lima"]
[Date "2004.03.05"]
[Round "1.2"]
[White "Ledesma, Otoniel"]
[Black "Robbiano Taboada, Carlos Alberto"]
[Result "1-0"]
[WhiteElo "2206"]
[BlackElo "2262"]
[PlyCount "61"]
[EventDate "2004.03.05"]
[EventType "k.o."]
[EventRounds "8"]
[EventCountry "PER"]
[SourceTitle "CBM 099 Extra"]
[Source "ChessBase"]
[SourceDate "2004.05.04"]
[SourceVersion "1"]
[SourceVersionDate "2004.05.04"]
[SourceQuality "1"]

1. d4 d6 2. e4 g6 3. Nc3 Bg7 4. Be3 Nf6 5. f3 0-0 6. Qd2 c6 7. Nge2 Nbd7 8. g3 e5 9. Bg2 d5 10. exd5 Nxd5 11. Nxd5 cxd5 12. 0-0 Nb6 13. b3 Be6 14. dxe5 Bxe5 15. Bd4 Qd6 16. f4 Bxd4+ 17. Nxd4 f6 18. a4 Bf7 19. Rad1 Rac8 20. Qf2 a6 21. Rd2 Rfe8 22. Rfd1 Qc5 23. h4 Nd7 24. f5 Kg7 25. Bh3 Re7 26. fxg6 hxg6 27. h5 Ne5 28. h6+ Kh7 29. Bxc8 Qxc8 30. Qxf6 Qf8 31. Re2 1-0

[Event "PER-ch"]
[Site "Lima"]
[Date "2004.03.05"]
[Round "1.1"]
[White "Robbiano Taboada, Carlos Alberto"]
[Black "Ledesma, Otoniel"]
[Result "1/2-1/2"]
[WhiteElo "2262"]
[BlackElo "2206"]
[PlyCount "87"]
[EventDate "2004.03.05"]
[EventType "k.o."]
[EventRounds "8"]
[EventCountry "PER"]
[SourceTitle "CBM 099 Extra"]
[Source "ChessBase"]
[SourceDate "2004.05.04"]
[SourceVersion "1"]
[SourceVersionDate "2004.05.04"]
[SourceQuality "1"]

1. e4 c5 2. Nc3 Nc6 3. g3 g6 4. Bg2 Bg7 5. d3 d6 6. f4 e6 7. Nf3 Nge7 8. 0-0 0-0 9. Be3 Nd4 10. Rb1 Nec6 11. Ne2 Nxe2+ 12. Qxe2 Qe7 13. Qf2 b6 14. Rfe1 Qc7 15. c3 Ba6 16. Rbd1 Rad8 17. g4 Bc8 18. f5 f6 19. Nh4 Ne5 20. Qg3 g5 21. Nf3 h6 22. b3 Nxf3+ 23. Bxf3 Rfe8 24. Rd2 b5 25. Red1 Qa5 26. c4 e5 27. Rc2 Bd7 28. Qe1 Qxe1+ 29. Rxe1 a5 30. Rb1 Ra8 31. Bd2 Reb8 32. Rcb2 Bf8 33. a4 bxa4 34. bxa4 Rxb2 35. Rxb2 Bxa4 36. Ra2 Bb3 37. Rxa5 Rxa5 38. Bxa5 Bc2 39. Be2 Be7 40. Kf2 Kf7 41. Ke3 Ke8 42. Kd2 Ba4 43. Bd1 Bc6 44. Kc2 1/2-1/2

[Event "Lima olympic qual"]
[Site "Lima"]
[Date "2004.??.??"]
[Round "?"]
[White "Robbiano Taboada, Carlos Alberto"]
[Black "Samame, Jose"]
[Result "1/2-1/2"]
[WhiteElo "2244"]
[BlackElo "2215"]
[PlyCount "63"]
[EventDate "2004.??.??"]
[EventType "tourn"]
[EventRounds "8"]
[EventCountry "PER"]
[SourceTitle "EXT 2007"]
[Source "ChessBase"]
[SourceDate "2006.11.23"]
[SourceVersion "1"]
[SourceVersionDate "2006.11.23"]
[SourceQuality "1"]

1. e4 c5 2. Nc3 Nc6 3. g3 g6 4. Bg2 Bg7 5. d3 d6 6. f4 e6 7. Nf3 Nge7 8. 0-0 0-0 9. Be3 Nd4 10. Qd2 Nec6 11. Nd1 Qa5 12. Qxa5 Nxa5 13. Ne1 Nac6 14. c3 Nb5 15. e5 dxe5 16. Bxc5 Rd8 17. Bxc6 bxc6 18. fxe5 Bxe5 19. Be7 Rd7 20. Bf6 Bxf6 21. Rxf6 c5 22. Ne3 Nd6 23. Rf4 Rb7 24. b3 e5 25. Ra4 Be6 26. Nf3 f6 27. d4 cxd4 28. cxd4 exd4 29. Rxd4 Nb5 30. Rd3 Rc8 31. Rad1 Kg7 32. Nd4 1/2-1/2

[Event "PER-ch"]
[Site "Lima"]
[Date "2002.10.09"]
[Round "12"]
[White "Robbiano Taboada, Carlos Alberto"]
[Black "Castaneda, Georgui"]
[Result "0-1"]
[WhiteElo "2252"]
[BlackElo "2425"]
[PlyCount "124"]
[EventDate "2002.10.01"]
[EventType "tourn"]
[EventRounds "13"]
[EventCountry "PER"]
[EventCategory "4"]
[SourceTitle "CBM 090 Extra"]
[Source "ChessBase"]
[SourceDate "2002.11.07"]
[SourceVersion "1"]
[SourceVersionDate "2002.11.07"]
[SourceQuality "1"]

1. e4 e6 2. d4 d5 3. e5 c5 4. c3 Nc6 5. Nf3 Bd7 6. a3 Nge7 7. b4 cxd4 8. cxd4 Nf5 9. Nc3 Rc8 10. Bb2 Nh4 11. Na2 b5 12. Rc1 a6 13. g3 Nxf3+ 14. Qxf3 Qb6 15. Qd3 Be7 16. Be2 0-0 17. 0-0 Rc7 18. Kg2 Rfc8 19. h4 Qa7 20. Qd2 Be8 21. Rfd1 Qb6 22. Bc3 Qb7 23. f4 Nb8 24. Bb2 Nd7 25. Rxc7 Rxc7 26. Rc1 Nb6 27. Rxc7 Qxc7 28. Qc3 Nc4 29. Nc1 f6 30. Nb3 Bg6 31. Nc5 fxe5 32. fxe5 Bxc5 33. dxc5 Be4+ 34. Kg1 Qf7 35. Bxc4 dxc4 36. Qe3 Bd5 37. Bc1 Qf5 38. Bd2 Qh3 39. Kf2 Qg2+ 40. Ke1 Qh1+ 41. Kf2 Be4 42. Qe2 h6 43. Ke3 Bd5 44. Kf4 Qh3 45. Bc3 Bc6 46. Bb2 Qh1 47. Ke3 Qg1+ 48. Kf4 Bd5 49. g4 Qh1 50. h5 Qg1 51. Bc3 Qc1+ 52. Qd2 Qf1+ 53. Kg3 Qg1+ 54. Kf4 Qh1 55. Kg3 Qf3+ 56. Kh4 Be4 57. Bb2 Bd3 58. Bc1 Be2 59. Qf4 Qh1+ 60. Kg3 Qg1+ 61. Kh3 Bf1+ 62. Kh4 Qh1+ 0-1

[Event "PER-ch"]
[Site "Lima"]
[Date "2002.10.07"]
[Round "10"]
[White "Garcia, Javier"]
[Black "Robbiano Taboada, Carlos Alberto"]
[Result "1/2-1/2"]
[WhiteElo "2297"]
[BlackElo "2252"]
[PlyCount "111"]
[EventDate "2002.10.01"]
[EventType "tourn"]
[EventRounds "13"]
[EventCountry "PER"]
[EventCategory "4"]
[SourceTitle "CBM 090 Extra"]
[Source "ChessBase"]
[SourceDate "2002.11.07"]
[SourceVersion "1"]
[SourceVersionDate "2002.11.07"]
[SourceQuality "1"]

1. d4 g6 2. c4 Bg7 3. Nc3 d6 4. e4 Nc6 5. d5 Nd4 6. Be3 c5 7. dxc6 Nxc6 8. Nge2 Nf6 9. h3 Qa5 10. Qd2 0-0 11. f3 Bd7 12. Nd4 Nxd4 13. Bxd4 Be6 14. Be2 Nd7 15. 0-0 Bxd4+ 16. Qxd4 Rac8 17. b3 a6 18. Rfc1 Qc5 19. Qf2 Rc7 20. Qxc5 Nxc5 21. Nd1 Rfc8 22. Rc3 Kg7 23. Rac1 h5 24. h4 f6 25. Kf2 Kh6 26. g3 Rg8 27. Ne3 Kg7 28. Bf1 Rgc8 29. Ke2 Nd7 30. f4 b5 31. Kd2 Nc5 32. Bg2 bxc4 33. Nxc4 Bxc4 34. Rxc4 a5 35. Ke3 Rb8 36. e5 Ra7 37. Rd1 Rb6 38. exd6 exd6 39. Rcd4 Re7+ 40. Kf2 Re6 41. Bd5 Re7 42. Bf3 Re6 43. f5 gxf5 44. Bxh5 Ne4+ 45. Kg2 Rc6 46. Rc4 Rxc4 47. bxc4 Nc3 48. Rd3 Nxa2 49. Ra3 Nb4 50. Rxa5 Nc2 51. Kf2 Ne3 52. Ra7+ Kh6 53. Be2 Ng4+ 54. Bxg4 fxg4 55. Ra5 Re4 56. Rd5 1/2-1/2

[Event "PER-ch"]
[Site "Lima"]
[Date "2002.10.06"]
[Round "8"]
[White "Esplana, Christian"]
[Black "Robbiano Taboada, Carlos Alberto"]
[Result "1/2-1/2"]
[WhiteElo "2335"]
[BlackElo "2252"]
[PlyCount "119"]
[EventDate "2002.10.01"]
[EventType "tourn"]
[EventRounds "13"]
[EventCountry "PER"]
[EventCategory "4"]
[SourceTitle "CBM 090 Extra"]
[Source "ChessBase"]
[SourceDate "2002.11.07"]
[SourceVersion "1"]
[SourceVersionDate "2002.11.07"]
[SourceQuality "1"]

1. e4 c5 2. Nf3 d6 3. d4 cxd4 4. Nxd4 Nf6 5. Nc3 g6 6. h3 Nc6 7. Be3 Bg7 8. Bc4 0-0 9. Bb3 Bd7 10. 0-0 Rc8 11. f4 Nxd4 12. Bxd4 Bc6 13. Qd3 Nd7 14. Bxg7 Kxg7 15. Rad1 b5 16. Kh1 Qb6 17. a3 b4 18. axb4 Qxb4 19. f5 f6 20. Qd4 a5 21. Be6 Rc7 22. b3 Ne5 23. Rf2 Rb8 24. Kg1 Bb7 25. Na2 Qxd4 26. Rxd4 Ba6 27. Ra4 Rb5 28. g4 Bb7 29. Rd4 Rcc5 30. Kf1 Nc6 31. Rc4 Ne5 32. Rd4 Nc6 33. Rc4 Ne5 34. Rd4 Ba6 35. Ke1 Nc6 36. Rd5 Nb4 37. Rxc5 Rxc5 38. Nxb4 axb4 39. Bd5 Rc3 40. Rd2 Re3+ 41. Kd1 Rxh3 42. Rd4 h5 43. gxh5 gxh5 44. Rxb4 h4 45. Rb6 Bf1 46. Ke1 Rf3 47. Rb8 h3 48. Rg8+ Kh7 49. Rg4 Kh6 50. Rh4+ Kg5 51. Rh8 Kf4 52. e5 Bg2 53. Bxf3 Kxf3 54. exd6 exd6 55. c4 Kg3 56. Rg8+ Kf3 57. Rh8 Kg3 58. Rg8+ Kf3 59. Rh8 Kg3 60. Rg8+ 1/2-1/2

[Event "PER-ch"]
[Site "Lima"]
[Date "2002.10.04"]
[Round "5"]
[White "Robbiano Taboada, Carlos Alberto"]
[Black "Oblitas Guerrero, Carlomagno"]
[Result "1/2-1/2"]
[WhiteElo "2252"]
[BlackElo "2408"]
[PlyCount "58"]
[EventDate "2002.10.01"]
[EventType "tourn"]
[EventRounds "13"]
[EventCountry "PER"]
[EventCategory "4"]
[SourceTitle "CBM 090 Extra"]
[Source "ChessBase"]
[SourceDate "2002.11.07"]
[SourceVersion "1"]
[SourceVersionDate "2002.11.07"]
[SourceQuality "1"]

1. e4 c5 2. c3 e5 3. Nf3 Nc6 4. Bc4 Be7 5. 0-0 Nf6 6. d4 d6 7. dxc5 dxc5 8. Qxd8+ Bxd8 9. Bb5 Bd7 10. Nbd2 Bc7 11. Nc4 0-0 12. Re1 Rfe8 13. Ne3 a6 14. Bc4 Ne7 15. Bd3 Bc6 16. Nf1 Rad8 17. Bc2 h6 18. Ng3 b6 19. h3 Nc8 20. b3 Bb7 21. Bb2 Ne7 22. Rad1 Ng6 23. Nd2 Nf4 24. Nc4 h5 25. f3 g6 26. Ne3 h4 27. Ngf1 Nh7 28. Rxd8 Rxd8 29. Rd1 Rxd1 1/2-1/2

[Event "PER-ch"]
[Site "Lima"]
[Date "2002.10.02"]
[Round "2"]
[White "Vera, Kelver"]
[Black "Robbiano Taboada, Carlos Alberto"]
[Result "1/2-1/2"]
[WhiteElo "2233"]
[BlackElo "2252"]
[PlyCount "53"]
[EventDate "2002.10.01"]
[EventType "tourn"]
[EventRounds "13"]
[EventCountry "PER"]
[EventCategory "4"]
[SourceTitle "CBM 090 Extra"]
[Source "ChessBase"]
[SourceDate "2002.11.07"]
[SourceVersion "1"]
[SourceVersionDate "2002.11.07"]
[SourceQuality "1"]

1. e4 c5 2. Nf3 g6 3. d4 cxd4 4. c3 Bg7 5. cxd4 d5 6. e5 Nc6 7. Nc3 Bg4 8. Be2 Nh6 9. 0-0 Nf5 10. Be3 0-0 11. h3 Bxf3 12. Bxf3 e6 13. Qd2 Qb6 14. Rfd1 Rac8 15. Rac1 Nxe3 16. fxe3 Rfd8 17. Na4 Qb4 18. Nc5 Qxd2 19. Rxd2 b6 20. Nb3 Ne7 21. Rdc2 Rxc2 22. Rxc2 Rc8 23. Rxc8+ Nxc8 24. Kf2 Ne7 25. Ke2 Kf8 26. Na1 Ke8 27. Nc2 1/2-1/2

[Event "Peru Norte-ch"]
[Site "Peru"]
[Date "2002.07.03"]
[Round "5.4"]
[White "Vilchez Vera, Leonardo"]
[Black "Robbiano Taboada, Carlos Alberto"]
[Result "1/2-1/2"]
[WhiteElo "2018"]
[BlackElo "2273"]
[PlyCount "49"]
[EventDate "2002.07.02"]
[EventType "swiss"]
[EventRounds "9"]
[EventCountry "PER"]
[SourceTitle "EXT 2003"]
[Source "ChessBase"]
[SourceDate "2002.11.25"]
[SourceVersion "1"]
[SourceVersionDate "2002.11.25"]
[SourceQuality "1"]

1. e4 c5 2. Nf3 g6 3. d4 cxd4 4. Nxd4 Bg7 5. Bc4 Nc6 6. Be3 Nf6 7. Nc3 0-0 8. Qd2 Ng4 9. Nxc6 bxc6 10. Bf4 d6 11. f3 Ne5 12. Bb3 Re8 13. h4 Be6 14. h5 Qb6 15. hxg6 hxg6 16. Be3 Nc4 17. Bxb6 Nxd2 18. Be3 Nc4 19. Bxc4 Bxc4 20. Kd2 d5 21. exd5 Red8 22. Rae1 cxd5 23. Nd1 e5 24. b3 Ba6 25. Bh6 1/2-1/2

[Event "PER-ch serie C"]
[Site "Lima"]
[Date "2002.??.??"]
[Round "3"]
[White "Requejo, Oswaldo"]
[Black "Robbiano Taboada, Carlos Alberto"]
[Result "1-0"]
[WhiteElo "2220"]
[BlackElo "2250"]
[PlyCount "71"]
[EventDate "2002.09.09"]
[EventType "tourn"]
[EventRounds "9"]
[EventCountry "PER"]
[SourceTitle "CBM 090 Extra"]
[Source "ChessBase"]
[SourceDate "2002.11.07"]
[SourceVersion "1"]
[SourceVersionDate "2002.11.07"]
[SourceQuality "1"]

1. d4 d6 2. c4 g6 3. Nc3 Bg7 4. e4 Nc6 5. Nf3 Bg4 6. Be3 e5 7. d5 Nd4 8. Be2 Nxe2 9. Qxe2 Ne7 10. h3 Bxf3 11. gxf3 0-0 12. 0-0-0 b6 13. Qd2 h5 14. f4 exf4 15. Bxf4 Kh7 16. Rde1 Qd7 17. Kb1 Rae8 18. f3 f5 19. e5 dxe5 20. Bxe5 Bxe5 21. Rxe5 Nc6 22. Rxe8 Rxe8 23. f4 Na5 24. b3 Qe7 25. Rd1 Nb7 26. Nb5 Qe4+ 27. Kb2 Qf3 28. Nd4 Qe3 29. Qxe3 Rxe3 30. Ne6 Nd6 31. Nxc7 Rxh3 32. a4 Re3 33. Nb5 Nf7 34. Nxa7 g5 35. fxg5 f4 36. a5 1-0

[Event "PER-ch serie C"]
[Site "Lima"]
[Date "2002.??.??"]
[Round "4"]
[White "Robbiano Taboada, Carlos Alberto"]
[Black "Angulo, Alberto"]
[Result "1-0"]
[WhiteElo "2250"]
[BlackElo "2000"]
[PlyCount "95"]
[EventDate "2002.09.09"]
[EventType "tourn"]
[EventRounds "9"]
[EventCountry "PER"]
[SourceTitle "CBM 090 Extra"]
[Source "ChessBase"]
[SourceDate "2002.11.07"]
[SourceVersion "1"]
[SourceVersionDate "2002.11.07"]
[SourceQuality "1"]

1. e4 c5 2. Nc3 Nc6 3. g3 g6 4. Bg2 Bg7 5. d3 e5 6. f4 d6 7. Nf3 Nge7 8. 0-0 0-0 9. fxe5 dxe5 10. Be3 Nd4 11. Qd2 Bg4 12. Rf2 Qd7 13. Raf1 f6 14. Bh6 Rad8 15. Qe3 b6 16. h4 Nef5 17. exf5 Nxf5 18. Qe4 Nxh6 19. Nd2 Be6 20. Qb7 Ng4 21. Qxd7 Rxd7 22. Bh3 h5 23. Nde4 Bf5 24. Rxf5 gxf5 25. Rxf5 Ne3 26. Rf3 Ng4 27. Rf5 Rd4 28. Rxh5 f5 29. Bxg4 fxg4 30. b3 Kf7 31. Rf5+ Ke6 32. Rg5 Kf7 33. Kg2 Bf6 34. Rxg4 Be7 35. Ng5+ Ke8 36. Nce4 Rg8 37. Kf3 Rf8+ 38. Kg2 Rg8 39. Kh3 Bxg5 40. hxg5 Kf7 41. Rh4 Rg7 42. Kg4 Rd7 43. Kf5 Re7 44. Nd6+ Kf8 45. g6 Rd7 46. Ne4 Ke7 47. Rh8 Rb7 48. Nf6 1-0

[Event "PER-ch serie C"]
[Site "Lima"]
[Date "2002.??.??"]
[Round "5"]
[White "Santivanez Montes, Mario"]
[Black "Robbiano Taboada, Carlos Alberto"]
[Result "0-1"]
[WhiteElo "2232"]
[BlackElo "2252"]
[PlyCount "114"]
[EventDate "2002.09.09"]
[EventType "tourn"]
[EventRounds "9"]
[EventCountry "PER"]
[SourceTitle "CBM 090 Extra"]
[Source "ChessBase"]
[SourceDate "2002.11.07"]
[SourceVersion "1"]
[SourceVersionDate "2002.11.07"]
[SourceQuality "1"]

1. e4 c5 2. Nf3 g6 3. d4 cxd4 4. Nxd4 Bg7 5. c4 Nc6 6. Be3 Nf6 7. Nc3 Ng4 8. Qxg4 Nxd4 9. Qd1 Ne6 10. Qd2 0-0 11. Be2 d6 12. 0-0 Bd7 13. Rad1 Bc6 14. Nd5 Nc5 15. f3 a5 16. Bd4 Bxd4+ 17. Qxd4 e5 18. Qf2 Ne6 19. Nc3 Nd4 20. Bd3 f5 21. exf5 gxf5 22. Ne2 Ne6 23. Ng3 Qg5 24. Bb1 Rad8 25. Qd2 Nf4 26. Qxa5 h5 27. Rd2 h4 28. Nxf5 Ra8 29. Qc7 Rxf5 30. Bxf5 Qxf5 31. Qxd6 h3 32. g3 Ne6 33. g4 Qf6 34. Re2 Rd8 35. Qxe5 Qxe5 36. Rxe5 Nf4 37. Rg5+ Kh7 38. Rf5 Rd4 39. b3 Bd7 40. Rc5 Rd2 41. Rc7 Kg6 42. Rxb7 Rg2+ 43. Kh1 Be6 44. Rb6 Kf7 45. Rd6 Rxa2 46. Rfd1 Rb2 47. R6d4 Ng6 48. R4d3 Re2 49. R3d2 Re3 50. Rd3 Re2 51. c5 Rc2 52. b4 Nf4 53. Rd4 Nd5 54. f4 Ne3 55. R4d2 Rc4 56. Rd4 Nxd1 57. Rxd1 Bxg4 0-1

[Event "PER-ch"]
[Site "Lima"]
[Date "2000.10.11"]
[Round "7"]
[White "Robbiano Taboada, Carlos Alberto"]
[Black "Esplana, Christian"]
[Result "1/2-1/2"]
[WhiteElo "2249"]
[BlackElo "2239"]
[PlyCount "46"]
[EventDate "2000.10.04"]
[EventType "tourn"]
[EventRounds "13"]
[EventCountry "PER"]
[EventCategory "2"]
[SourceTitle "CBM 078 Extra"]
[Source "ChessBase"]
[SourceDate "2000.11.10"]
[SourceVersion "1"]
[SourceVersionDate "2000.11.10"]
[SourceQuality "1"]

1. e4 c5 2. c3 Nf6 3. e5 Nd5 4. d4 cxd4 5. Qxd4 e6 6. Nf3 Nc6 7. Qe4 f5 8. exf6 Nxf6 9. Qh4 d5 10. Bd3 Bd6 11. Ng5 Ke7 12. Nxh7 Kd7 13. Nxf6+ gxf6 14. Qg4 Kc7 15. Bf4 Rg8 16. Bxd6+ Kxd6 17. Qe2 Rxg2 18. Nd2 Qb6 19. Nf1 Bd7 20. Ne3 Rgg8 21. 0-0-0 Kc7 22. h4 Rac8 23. Kb1 Kb8 1/2-1/2

[Event "PER-ch"]
[Site "Lima"]
[Date "2000.10.05"]
[Round "2"]
[White "Castaneda, Georgui"]
[Black "Robbiano Taboada, Carlos Alberto"]
[Result "1/2-1/2"]
[WhiteElo "2457"]
[BlackElo "2249"]
[PlyCount "112"]
[EventDate "2000.10.04"]
[EventType "tourn"]
[EventRounds "13"]
[EventCountry "PER"]
[EventCategory "2"]
[SourceTitle "CBM 078 Extra"]
[Source "ChessBase"]
[SourceDate "2000.11.10"]
[SourceVersion "1"]
[SourceVersionDate "2000.11.10"]
[SourceQuality "1"]

1. d4 d6 2. Nf3 g6 3. g3 Bg7 4. Bg2 c5 5. 0-0 cxd4 6. Nxd4 Nf6 7. c4 Qc7 8. b3 Nc6 9. Nc3 Bd7 10. Nc2 0-0 11. Bb2 Rac8 12. Qd2 a6 13. Rfd1 Na5 14. Ne3 b5 15. cxb5 axb5 16. Ncd5 Nxd5 17. Nxd5 Qd8 18. Bxg7 Kxg7 19. Nxe7 Qxe7 20. Qxa5 Qxe2 21. Qd2 Qxd2 22. Rxd2 Bc6 23. Rxd6 Bxg2 24. Kxg2 Rc2 25. a4 bxa4 26. bxa4 Rb8 27. Rd4 g5 28. Ra3 Rbb2 29. Rf3 Rc6 30. h4 h6 31. Rd7 Rf6 32. Rxf6 Kxf6 33. Rd6+ Kg7 34. a5 Ra2 35. a6 g4 36. Kf1 h5 37. Ke1 Kh7 38. Kd1 Rxf2 39. Rd2 Rf1+ 40. Kc2 Ra1 41. Rd6 Kg7 42. Kb2 Ra5 43. Kb3 f5 44. Kb4 Ra2 45. Kb5 f4 46. gxf4 g3 47. f5 g2 48. Rg6+ Kf7 49. Kb6 Rb2+ 50. Kc6 Ra2 51. Kd5 Ra5+ 52. Ke4 Ra4+ 53. Ke5 Ra5+ 54. Kf4 Ra4+ 55. Kf3 Rxa6 56. Rxg2 Ra4 1/2-1/2